Human Geography Landscapes of Human Activity / (Record no. 3193)
[ view plain ]
| 000 -LEADER | |
|---|---|
| fixed length control field | 00884nam a2200301Ia 4500 |
| 001 - CONTROL NUMBER | |
| control field | 3205 |
| 005 - DATE AND TIME OF LATEST TRANSACTION | |
| control field | 20240113233618.0 |
| 007 - PHYSICAL DESCRIPTION FIXED FIELD--GENERAL INFORMATION | |
| fixed length control field | ta |
| 008 - FIXED-LENGTH DATA ELEMENTS--GENERAL INFORMATION | |
| fixed length control field | 050409s1995 a g b000 u eng u |
| 020 ## - INTERNATIONAL STANDARD BOOK NUMBER | |
| International Standard Book Number | 0-697-15785-7 |
| 040 ## - CATALOGING SOURCE | |
| Original cataloging agency | Cotton College,Assam |
| 041 ## - LANGUAGE CODE | |
| Language code of text/sound track or separate title | eng |
| 082 ## - DEWEY DECIMAL CLASSIFICATION NUMBER | |
| Classification number | 910.03 |
| Item number | Fe 33 Hu |
| 100 ## - MAIN ENTRY--PERSONAL NAME | |
| Personal name | Fellmann, Jerome . |
| 245 #0 - TITLE STATEMENT | |
| Title | Human Geography Landscapes of Human Activity / |
| Statement of responsibility, etc. | Jerome Fellmann Arthur Getis, Judith Getis. |
| Medium | Textual Documents |
| 250 ## - EDITION STATEMENT | |
| Edition statement | 4th ed. / |
| 260 ## - PUBLICATION, DISTRIBUTION, ETC. | |
| Place of publication, distribution, etc. | London : |
| Name of publisher, distributor, etc. | Wm.C.Brown Publishers , |
| Date of publication, distribution, etc. | 1995. |
| 300 ## - PHYSICAL DESCRIPTION | |
| Extent | 519p. : |
| Other physical details | ill. ; |
| Dimensions | 27 cm . |
| 500 ## - GENERAL NOTE | |
| General note | One Suppliment Copy ,Pages-122p. Maps/Art NoteBook. |
| 504 ## - BIBLIOGRAPHY, ETC. NOTE | |
| Bibliography, etc. note | Appendix, Index. |
| 653 ## - INDEX TERM--UNCONTROLLED | |
| Uncontrolled term | Geography-Human |
| 653 ## - INDEX TERM--UNCONTROLLED | |
| Uncontrolled term | Human geography |
| 653 ## - INDEX TERM--UNCONTROLLED | |
| Uncontrolled term | G-Geography |
| 700 ## - ADDED ENTRY--PERSONAL NAME | |
| Personal name | Getis, Judith . |
| 942 ## - ADDED ENTRY ELEMENTS (KOHA) | |
| Source of classification or shelving scheme | Dewey Decimal Classification |
| Koha item type | Books |
| Withdrawn status | Lost status | Damaged status | Not for loan | Collection | Home library | Current library | Date acquired | Coded location qualifier | Total checkouts | Full call number | Barcode | Date last seen | Copy number | Price effective from | Koha item type |
|---|---|---|---|---|---|---|---|---|---|---|---|---|---|---|---|
| Dr. Suryya Kumar Bhuyan Library | Dr. Suryya Kumar Bhuyan Library | 01/02/2012 | 00000 | 910.03 Fe 33 Hu | 522/Geog | 13/01/2024 | 1 | 01/02/2012 | Books |
